000 00268nam a2200097Ia 4500
008 240331s9999 xx 000 0 und d
082 _bLIB
100 _aWomen Commission. ed
245 0 _aLiberty denied :
_bwomen seeking asylum imprisoned in the United States
942 _cL
999 _c2956
_d2956